000 00668nam a22002177a 4500
001 2712
003 HMS
005 20250829142751.0
008 250829e1976 cl |||gr|||| 001 f spa
040 _ahms
_bspa
_chms
082 0 4 _aCh863
_bC211
100 1 _aCamus Riquelme, Francisco,
_d1919-
_eautor
_94103
245 1 0 _aMagallanes :
_btierra de pasiones y leyendas /
_cFrancisco Camus Riquelme.
_h[libro]
246 3 0 _atierra de pasiones y leyendas
250 _aOctubre 1976
260 _aSantiago de Chile :
_bEditora Minerva,
_c1976
300 _a339 páginas :
_c18 cm.
500 _aIncluye índice
650 7 _aCuentos chilenos
_94104
942 _2ddc
_cCOL GRAL
_n0
999 _c2712
_d2712